| 000 | 00958nam a22002297a 4500 | ||
|---|---|---|---|
| 999 |
_c8504 _d8504 |
||
| 003 | GBCCL | ||
| 005 | 20241126110652.0 | ||
| 008 | 210310b ||||| |||| 00| 0 eng d | ||
| 020 | _a1932792252 (pbk. : alk. paper) | ||
| 040 | _cgbc | ||
| 082 |
_a296.3 _bNEU |
||
| 100 |
_aNeusner, Jacob, _d1932-2016. _914944 |
||
| 245 |
_aPerforming Israel's faith : _bnarrative and law in rabbinic law / _cJacob Neusner. |
||
| 260 |
_aWaco, Tex., USA : _bBaylor University Press, _cc2005. |
||
| 300 |
_aviii, 230 p. ; _b23 cm. |
||
| 505 | _aThe aggadic theology of the nations -- The halakhic theology of idolatry -- The aggadic theology of sin, repentance, and atonement -- The halakhic theology of atonement -- Law and theology, halakhah and aggadah. | ||
| 650 |
_aCovenants _vReligious aspects _zJudaism. _914945 |
||
| 650 |
_aGentiles in rabbinical literature. _914946 |
||
| 650 |
_aAtonement. (Judaism) _914947 |
||
| 650 |
_aJewish law. _914948 |
||
| 942 |
_2ddc _cBK |
||